000 01559nam a2200421 i 4500
001 DIGDYK3967
003 NyNyDIG
007 cr |||||||||||
008 250401s2024 sp ob 001 0 spa d
006 m o d
035 _a(OCoLC)1500729733
040 _aDGITA
_beng
_erda
_epn
_cDGITA
020 _a9788411222068
_qelectrónico
020 _z9788410707597
024 7 _a10.14679/3463
_2doi
050 1 4 _aBV64.J4 ebook
245 0 0 _aCristo Rey :
_bteología, filosofía y política ante el centenario de la encíclica Quas Primas /
_cMiguel Ayuso (editor).
264 1 _aMadrid :
_bDykinson, S.L.,
_c[2024]
300 _a1 online resource.
336 _atext
_btxt
_2rdacontent
337 _acomputer
_bc
_2rdamedia
338 _aonline resource
_bcr
_2rdacarrier
347 _atext file
_2rdaft
347 _bPDF
490 1 _aColección Res publica
504 _aIncludes bibliographical references and index.
588 0 _aOnline resource; title from PDF title page (Digitalia, viewed April 1, 2025)
600 0 0 _aJesus Christ
_xRoyal office.
650 0 _aFeast of Jesus Christ the King.
700 1 _aAyuso Torres, Miguel,
_eeditor.
791 2 _aDigitalia (Firm),
_edistributor.
793 0 _gDigitalia eBook Collection:
_aDykinson Editorial
776 0 8 _iPrint version:
_tCristo Rey.
_dMadrid : Dykinson, S.L., [2024]
_z9788410707597
830 0 _aRes publica (Editorial Dykinson)
856 4 0 _3Digitalia Hispánica
_uhttps://www.digitaliapublishing.com/a/170834/
910 _aPremium collection: 2025
942 _cRAA
999 _c290695
_d290695